| 000 | 00611nam a2200229Ia 4500 | ||
|---|---|---|---|
| 003 | GCL | ||
| 008 | 140319s9999 xx 000 0 eng d | ||
| 040 |
_aGCL / _cGCL |
||
| 082 | 0 | 4 |
_a741.6 _bR N |
| 100 | 1 | _aHODIK, BARBARA J. | |
| 245 | 1 | 0 |
_aNINE PIONEERS IN AMERICAN GRAPHIC DESIGN / _cHODIK, BARBARA J. |
| 700 | 1 | _aROMINGTON, ROROGER | |
| 260 |
_aانجلترا : _bTHE MIT PRESS ، _c1989 |
||
| 300 |
_a32 CM ؛ _c178 P |
||
| 650 | 0 | 4 | _aDESIGNERS |
| 650 | 0 | 4 | _aUNITED STATES |
| 650 | 0 | 4 | _aHISTORY |
| 650 | 0 | 4 | _aCOMMERCIAL ART |
| 650 | 0 | 4 | _aBIOGRAPHIES |
| 650 | 0 | 4 | _aGRAPHIC ARTS |
| 942 |
_2ddc _cBK |
||
| 999 |
_c17064 _d17064 |
||